000 00464nam a22001457a 4500
003 MACL
005 20190102152957.0
008 190102b xxu||||| |||| 00| 0 eng d
040 _cMACL
100 _aसक्‍सेना ,सुधीर
_973580
245 _aकिताबें दीवार नहीं हाेतीं
260 _aदिल्‍ली
_bलोकमित्र
_c2016
650 _aकविता
_973581
942 _2ddc
_cHIN
999 _c58841
_d58841